| 000 | 00416nam a22001697a 4500 | ||
|---|---|---|---|
| 003 | NUST - PNEC | ||
| 005 | 20170116181132.0 | ||
| 008 | 151006b xxu||||| |||| 00| 0 eng d | ||
| 020 | _a8170997003 | ||
| 040 | _cLIBRARY | ||
| 082 | _a954.91035 AKB | ||
| 100 |
_914014 _aAkbar, M.K. |
||
| 245 |
_aPakistan today _cM.K. Akbar |
||
| 260 | _cc.1998 | ||
| 650 |
_914016 _aPakistan today _xGeography |
||
| 942 |
_2ddc _cBK |
||
| 999 |
_c70005 _d70005 |
||